00431nam a22001577a 450000500170000001000150001702000260003203500140005803700130007208200080008510000170009324500530011026000360016327000550019930000190025420241011154753.0 aENG-142117 c250.00a9789357943222 aEN-125649 bDBAD/PUB a822 aWilde, Oscar aThe Importance of Being Earnest/cby Oscar Wilde aNew DelhibV&S Publishersc2024 bNew Delhiaf-2/16, Ansari Road, Darya Ganje110002 a97p.c22cm(pb)